ORIGAMI (Record no. 390516)

MARC details
000 -LEADER
fixed length control field 00317nam a2200157Ia 4500
008 - FIXED-LENGTH DATA ELEMENTS--GENERAL INFORMATION
fixed length control field 100122s9999 xx 000 0 und d
082 ## - DEWEY DECIMAL CLASSIFICATION NUMBER
Item number 74476
Classification number 746.54
100 ## - MAIN ENTRY--PERSONAL NAME
Personal name BPI INDIA
245 ## - TITLE STATEMENT
Title ORIGAMI
250 ## - EDITION STATEMENT
Edition statement 1
260 ## - PUBLICATION, DISTRIBUTION, ETC. (IMPRINT)
Date of publication, distribution, etc 2008
300 ## - PHYSICAL DESCRIPTION
Extent 24
630 ## - SUBJECT ADDED ENTRY--UNIFORM TITLE
Uniform title ORIGAMI
730 ## - ADDED ENTRY--UNIFORM TITLE
Uniform title ORIGAMI
942 ## - ADDED ENTRY ELEMENTS (KOHA)
Koha item type Book
Holdings
Withdrawn status Lost status Damaged status Not for loan Home library Current library Shelving location Date acquired Cost, normal purchase price Total Checkouts Full call number Barcode Date last seen Cost, replacement price Price effective from Koha item type Public note
        S.V. Pathak Library, Vile Parle S.V. Pathak Library, Vile Parle   11/01/2008 60.00   74476 SVPPARLE-74476 01/25/2010 60.00 01/25/2010 Book ", , ,"